01254cam a2200217Ii 450000500170000000800410001702000150005802000180007303500210009104000440011204100080015610000360016424501060020026000630030630000500036950400530041950504550047260000280092765000580095570000230101320151020122729.015 s2014 xxuaf frb 001 0beng d a0231162596 a9780231162593 a(OCoLC)880565913 aCo-BoUCMbspacLuz CupitradLuz Cupitra0 aeng1 aFriedman, Lawrence Jacobd1940-14aThe Lives of Erich Frommblove's prophetcLawrence J. Friedman with assistance from Anke M. Schreiber aNew York (Estados Unidos)bColumbia University Pressc2014 axxxv, 410 páginasbillustrations, láminas aIncluye referencias bibliográficas e índices0 aAcknowledgments -- Prologue: writing lives -- Germany -- The unsteady apprentice -- Frankfurt scholar -- The Americas -- The Americanization of a European intellectual -- Escape from freedom -- Clinician and ethicist -- To love and to mentor -- Politics and prose -- Global citizenship -- Prophecies for a troubled world -- A third way -- "Life is extravagance": almost -- Hope and stasis -- Love and death -- A bibliographical note -- Notes --Index.1 aFromm, Erichd1900-1980 7aPsicoanalistas zAlemaniazEstados UnidosvBiografias1 aSchreiber, Anke M.